| 000 | 02265nam a2200409 a 4500 | ||
|---|---|---|---|
| 001 | dia_6098 | ||
| 003 | CHAP | ||
| 005 | 20240809165441.0 | ||
| 007 | ta | ||
| 008 | 220117s2014 mx abdofrs f001 0 spa d | ||
| 010 | _a177252 | ||
| 020 | _a978-607-9350-02-4 | ||
| 040 |
_cCHAP _amxchpua |
||
| 050 | 1 | 0 |
_aC S166.M4 _b.I54 2014 |
| 082 | 0 | 0 |
_aC 630.20121972 _bI54 2014 _220 |
| 110 | 1 |
_aMéxico. _bServicio de Información Agroalimentaria y Pesquera _9146339 |
|
| 245 | 1 | 0 |
_aInfografía agroalimentaria 2014 / _cServicio de Información Agroalimentaria y Pesquera |
| 250 | _a1a edición | ||
| 264 |
_aMéxico : _bSAGARPA. Servicio de Información Agroalimentaria y Pesquera, _c2014 |
||
| 300 |
_a32 volúmenes : _bilustraciones, mapas, gráficas, tablas, fotos |
||
| 504 | _aIncluye bibliografías | ||
| 505 | _av.1. Aguascalientes -- v.2. Baja California -- v.3. Baja California Sur -- v.4. Campeche -- v.5. Coahuila -- v.6. Colima -- v.7. Chiapas -- v.8. Chihuahua -- v.9. Distrito Federal -- v.10. Durango -- v.11. Guanajuato -- v.12. Guerrero -- v.13. Hidalgo -- v.14. Jalisco -- v.15. Estado de México -- v.16. Michoacán -- v.17. Morelos -- v.18. Nayarit -- v.19. Nuevo León - v.20. Oaxaca -- v.21. Puebla -- v.22. Querétaro -- v.23. Quintana Roo -- v.24. San Luis Potosí -- v.25. Sinaloa -- v.26. Sonora -- v.27. Tabasco -- v.28. Tamaulipas -- v.29. Tlaxcala -- v.30. Veracruz -- v.31. Yucatán -- v.32. Zacatecas | ||
| 650 | 1 | 3 |
_aAgricultura _xEstadística _9145595 _zMéxico |
| 650 | 1 | 3 |
_aGanadería _xEstadística _9145596 _zMéxico |
| 650 | 1 | 3 |
_aIndustria agrícola _xEstadística _9145597 _zMéxico |
| 650 | 1 | 3 |
_aEstadística de pesquería _9186631 _zMéxico |
| 650 | 1 | 3 |
_aAgricultural industry _xStatistics _9160645 _zMexico |
| 650 | 1 | 3 |
_aAgriculture _xStatistics _9160646 _zMexico |
| 650 | 1 | 3 |
_aAnimal husbandry _xStatistics _9160647 _zMexico |
| 650 | 1 | 3 |
_aFisheries statistics _9186632 _zMexico |
| 710 | 1 |
_aServicio de Información Agroalimentaria y Pesquera (SIAP) _9162096 |
|
| 710 |
_aSecretaría de Agricultura, Ganadería, Desarrollo Rural, Pesca y Alimentación (SAGARPA) _9186608 |
||
| 901 | _aC 630.20121972 I54 2014 | ||
| 902 | _aM | ||
| 905 | _a5232272014 mx dbm 8223123322spa16 | ||
| 942 |
_cLIBRO _2ddc |
||
| 999 |
_c177252 _d177252 |
||